000 02531nam0a2200373 4500
001 RU\NLR\BIBL_A\022760893
005 20260531100124.0
010 _a978-5-6054503-0-6
_9100
021 _aRU
_bКН-П-26-004037
_9КН-П-26-0377
035 _a(NLR Aleph) 022760893
090 _a13717660
_c13717660
100 _a20260320d2025 u y0rusy50 ca
101 0 _arus
102 _aRU
105 _aa j 000yy
181 0 _ai
_baxxe
182 0 _an
200 1 _aНовообразования кожи в амбулаторной практике
_eучебно-методическое пособие
_eдля студентов старших курсов лечебного и педиатрического факультетов
_fГамаюнов С. В., доктор медицинских наук, профессор, Шливко И. Л., доктор медицинских наук, Клеменова И. А., доктор медицинских наук, профессор [и др.]
_gМинистерство здравоохранения Российской Федерации, Федеральное государственное бюджетное образовательное учреждение высшего образования Приволжский исследовательский медицинский университет Министерства здравоохранения Российской Федерации
203 _aТекст
_bвизуальный
_cнепосредственный
210 _aНижний Новгород
_cКварц
_d2025
215 _a95 с.
_cцв. ил.
_d21
300 _aАвт. указаны на обороте тит. с.
320 _aБиблиогр.: с. 86–90 (50 назв.)
606 1 _aКожа
_jУчебно-методические пособия для высших учебных заведений
_xОпухоли
_9973517
_3RU\NLR\AUTH\6646663
686 1 _aР569.60я73
701 1 _aГамаюнов
_bС. В.
_gСергей Викторович
701 1 _aШливко
_bИ. Л.
_gИрена Леонидовна
701 1 _aКлеменова
_bИ. А.
_gИрина Александровна
712 0 2 _4570
_aПриволжский исследовательский медицинский университет
_cНижний Новгород
_9603171
_3RU\NLR\AUTH\880470717
942 _cBOOK
980 _aNB